Terceiro setor e as parcerias com a administração pública : (Record no. 574)

MARC details
000 -LÍDER
Campo Fixo de Controle 00995nam a2200253 a 4500
001 - NÚMERO DE CONTROLE
Campo de Controle 574
003 - IDENTIFICAÇÃO DO NÚMERO DE CONTROLE
Campo de Controle BR-CuiBMT
005 - DATA E HORA DA ÚLTIMA ATUALIZAÇÃO
Campo de Controle 20231216001425.0
008 - DADOS FIXOS
Dados Fixos 231109s2015 mgb 000 0 por d
020 ## - INTERNATIONAL STANDARD BOOK NUMBER
Nº do ISBN 9788545000945
040 ## - AGÊNCIA CATALOGADORA
Código da Agência Catalogadora BR-CuiBMT
Agência que transcreveu o registro BR-CuiBMT
080 ## - Nº DA CLASSIFICAÇÃO DECIMAL UNIVERSAL
Nº edição CDU 2007
Nº Class. CDU 658.114.8:061.2
090 ## - NÚMERO DE CHAMADA
Nº classificação 658.114.8:061.2
Cutter V795t
Ano/Edição 3. ed.
100 1# - ENTRADA PRINCIPAL -- AUTOR PESSOAL
Nome pessoal Violin, Tarso Cabral
245 10 - TÍTULO PRINCIPAL
Título principal Terceiro setor e as parcerias com a administração pública :
Subtítulo uma análise crítica /
Indicação de responsabilidade Tarso Cabral Violin ; prefácio Romeu Felipe Bacellar Filho e Carlos Montaño.
250 ## - EDIÇÃO
Edição 3. ed., rev. e ampl.
260 ## - PUBLICAÇÃO, DISTRIBUIÇÃO, ETC.
Local de publicação Belo Horizonte :
Editora Fórum,
Data 2015.
300 ## - DESCRIÇÃO FÍSICA
N. páginas ou volumes 349 p. ;
Dimensões 22 cm
500 ## - NOTAS GERAIS
Notas gerais Atualizado conforme a lei das OSC - Organizações da sociedade civil (Lei 13.019/2014) e a decisão do STF na ADIN 1.923 sobre a Lei 9.637/98.
504 ## - NOTA DE BIBLIOGRAFIA, ETC.
Nota de bibliografia Inclui bibliografia.
650 ## - ASSUNTO TÓPICO
Cabeçalho tópico ou nome geográfico Direito administrativo
Subdivisão geográfica Brasil
650 ## - ASSUNTO TÓPICO
Cabeçalho tópico ou nome geográfico Administração pública
Subdivisão geral Terceiro setor
Subdivisão geográfica Brasil
942 ## - ELEMENTOS DE ENTRADA ADICIONAIS (KOHA)
Fonte de classificação ou esquema de arquivamento Classificação Decimal Universal
Tipo de item do Koha Livros
Holdings
Estado: removido Estado: perdido Fonte de classificação ou esquema de arquivamento Estado: danificado Indisponível para empréstimo Localização permanente Localização atual Data de aquisição Total Checkouts Número de Chamada completo Código de barras Date last seen Número do exemplar Preço efetivo a partir de Tipo de item (Koha)
    Classificação Decimal Universal     Biblioteca da Escola Superior de Contas do TCE/MT Biblioteca da Escola Superior de Contas do TCE/MT 06/08/2019   658.114.8:061.2 V795t 3. ed. BIBTCEMT23110376 09/11/2023 Ex. 1 09/11/2023 Livros
    Classificação Decimal Universal     Biblioteca da Escola Superior de Contas do TCE/MT Biblioteca da Escola Superior de Contas do TCE/MT 06/08/2019   658.114.8:061.2 V795t 3. ed. BIBTCEMT23120645 16/12/2023 Ex. 2 09/11/2023 Livros

Powered by Koha